000 00315nam a2200133Ia 4500
008 150301s2015 xx 000 0 und d
082 _a615.531
_bE13K
100 _aASHUTOSH KAR
245 _aESSENTIALS OF PHARMACOGHOSY
260 _bAPH - DELHI
300 _a645
650 _aPHARMACOGNOSY
942 _2ddc
_cBK
_012
999 _c7130
_d7130